000 00959cam a2200253 i 4500
001 20420146
005 20251012043655.0
008 180327s2018 nyu b 001 0 eng
020 _a9780525511830
_qhardcover
020 _z9780525511847 (ebook)
040 _aBD-DhJNU
_bENG
_cBD-DhJNU
_dBD-DhJNU
082 0 0 _a321.94 STH
_223
100 1 _aStanley, Jason
245 1 0 _aHow fascism works :
_bthe politics of us and them /
_cJason Stanley
246 3 0 _aPolitics of us and them
250 _a1st ed..
264 1 _aNew York :
_bRandom House,
_c2018.
300 _axix, 218 pages ;
_c20 cm
504 _aIncludes bibliographical references (pages 199-207) and index.
505 0 _aThe mythic past -- Propaganda -- Anti-intellectual -- Unreality -- Hierarchy -- Victimhood -- Law and order -- Sexual anxiety -- Sodom and Gomorrah -- Arbeit Macht Frei.
650 0 _aFascism.
650 0 _aPolarization (Social sciences)
_xPolitical aspects.
942 _cBK
999 _c2239
_d2239